00995cam a22003017i 450000100090000000300050000900500170001400800410003101000170007202000180008903800100010704000280011704200080014505000220015308200170017510000350019224501600022725000190038726400430040630000300044933600260047933700280050533800270053350400510056065000200061165000300063170000320066119102080NUST20230314160401.0160520s2018 at b 001 0 eng  a 2016942336 a9781305970939 aazhar aDLCbengerdacDLCdDLC apcc00aTA710b.D264 201800a624223bDAS1 aDas, Braja M.,d1941-eauthor.10aPrinciples of geotechnical engineering /cBraja M. Das, Dean Emeritus, California State University, Sacramento, Khaled Sobhan, Florida Atlantic University. aNinth Edition. 1aAustralia :bCengage Learning,c[2018] axxiii, 819 pages ;c24 cm atextbtxt2rdacontent aunmediatedbn2rdamedia avolumebnc2rdacarrier aIncludes bibliographical references and index. 0aSoil mechanics. 0aGeotechnical engineering.1 aSobhan, Khaled,eco-author.